000 00902nam a2200217Ia 4500
003 GCL
008 140319s9999 xx 000 0 ara d
020 _a4450118977
040 _aGCL /
_cGCL
082 0 4 _aق
_b962.03
_bع م
100 1 _aعبدالرحمن الرافعى
245 1 0 _aمصرالمجاهدة فى العصر الحديث : ج6 :
_bمن ثورة سنة 1919 الى ثورة 23 يوليو سنة 1952 /
_cعبدالرحمن الرافعى
250 _aالثالثة
260 _aالقاهرة :
_bدار الهلال للطباعة والنشر ،
_c1989
300 _a176 ص ؛
_c24 سم
490 _aمصر المجاهدة فى العصر الحديث
_v6
650 0 4 _aالثورات
650 0 4 _aمصر - تاريخ - العصر الحديث - ثورة 1919
650 0 4 _aمصر - تاريخ - العصر الحديث - ثورة 23 يوليو 1952
942 _2ddc
_cBK
999 _c5066
_d5066